000 00368nam a2200133Ia 4500
008 211109s9999||||xx |||||||||||||| ||und||
082 _a894.8123
_bVKN-A
100 _aVkn,
245 0 _aAdhikaram
260 _bDC Books
_aKottayam
_c1987
630 _xGENERAL STACK
650 _aMalayalam literature
_vMalayalam fiction
_xLiterature & rhetoricMalayalam
942 _cBOOK
999 _c44766
_d44766